[Event "Novosibirsk Fakel"]
[Site "Novosibirsk"]
[Date "2010.02.16"]
[Round "8"]
[White "Gubsky, Egor"]
[Black "Akishev, Alexander"]
[Result "1/2-1/2"]
[WhiteElo "2057"]
[BlackElo "2150"]
[PlyCount "111"]
[EventDate "2010.02.07"]
[EventType "tourn"]
[EventRounds "11"]
[EventCountry "RUS"]
[SourceTitle "EXT 2011"]
[Source "ChessBase"]
[SourceDate "2010.11.26"]
[SourceVersion "1"]
[SourceVersionDate "2010.11.26"]
[SourceQuality "1"]

1. d4 c5 2. d5 d6 3. c4 g6 4. e4 Bg7 5. h3 Na6 6. Nc3 Bd7 7. Nf3 Nf6 8. Bd3 0-0 9. 0-0 Nc7 10. Be3 a6 11. a4 b6 12. Rb1 Nfe8 13. Ne2 a5 14. Ng3 e5 15. Nd2 f5 16. f4 exf4 17. Bxf4 g5 18. exf5 gxf4 19. Rxf4 Qg5 20. Qf3 Kh8 21. Nde4 Qh6 22. Nf2 Be5 23. Re4 Nf6 24. Ng4 Nxg4 25. Rxg4 Rg8 26. Rxg8+ Rxg8 27. Ne4 Rf8 28. Nf2 Bxa4 29. Ng4 Bd4+ 30. Kh1 Qg5 31. b3 Bd7 32. Rf1 Ne8 33. Qe4 h5 34. Nh2 Qe3 35. Qxe3 Bxe3 36. g4 hxg4 37. hxg4 Nf6 38. Kg2 Kg7 39. Kf3 Bg5 40. Kg3 Re8 41. Nf3 Re3 42. Bc2 Rc3 43. Rf2 a4 44. bxa4 Rxc4 45. Re2 Bxa4 46. Nxg5 Rxg4+ 47. Kh3 Bxc2 48. Ne6+ Kh6 49. Rxc2 b5 50. Nxc5 Rc4 51. Rg2 Nxd5 52. Rg6+ Kh7 53. Ne6 b4 54. Ng5+ Kh8 55. Nf7+ Kh7 56. Ng5+ 1/2-1/2

[Event "Novosibirsk op"]
[Site "Novosibirsk"]
[Date "2009.02.17"]
[Round "7"]
[White "Khanin, Semen"]
[Black "Akishev, Alexander"]
[Result "1-0"]
[WhiteElo "1902"]
[BlackElo "2149"]
[PlyCount "73"]
[EventDate "2009.02.07"]
[EventType "swiss"]
[EventRounds "9"]
[EventCountry "RUS"]
[SourceTitle "EXT 2012"]
[Source "ChessBase"]
[SourceDate "2011.11.24"]
[SourceVersion "1"]
[SourceVersionDate "2011.11.24"]
[SourceQuality "1"]

1. e4 d6 2. d4 g6 3. Nc3 Bg7 4. Nf3 c6 5. Be2 Nf6 6. 0-0 0-0 7. h3 Nbd7 8. e5 Ne8 9. Bf4 Nb6 10. a4 a5 11. Bg3 f6 12. Re1 Bh6 13. Bf1 Ng7 14. Bh2 fxe5 15. dxe5 d5 16. Qd4 Ne6 17. Qh4 Kg7 18. Rad1 Qe8 19. Nd4 Nf4 20. Nce2 g5 21. Qg3 Nxe2+ 22. Bxe2 Nxa4 23. h4 Qg6 24. Bd3 Qh5 25. e6 Nxb2 26. Qe5+ Kg8 27. Nf5 Rxf5 28. Qxf5 Nxd3 29. Rxd3 Qg6 30. Rf3 Qxf5 31. Rxf5 gxh4 32. Rf7 Bxe6 33. Rxe6 Kxf7 34. Rxh6 a4 35. Be5 a3 36. Rxh4 a2 37. Ba1 1-0

[Event "Novosibirsk April op"]
[Site "Novosibirsk"]
[Date "2008.04.12"]
[Round "8"]
[White "Koshaev, Valerij"]
[Black "Akishev, Alexander"]
[Result "0-1"]
[WhiteElo "2103"]
[BlackElo "2159"]
[PlyCount "80"]
[EventDate "2008.04.05"]
[EventType "swiss"]
[EventRounds "9"]
[EventCountry "RUS"]
[SourceTitle "EXT 2010"]
[Source "ChessBase"]
[SourceDate "2010.11.25"]
[SourceVersion "1"]
[SourceVersionDate "2010.11.25"]
[SourceQuality "1"]

1. e4 d6 2. d4 g6 3. c3 Bg7 4. Bd3 e5 5. Ne2 Nf6 6. Bg5 h6 7. Bh4 0-0 8. Nd2 Re8 9. Qc2 Nc6 10. d5 Ne7 11. f3 c6 12. c4 a5 13. Bf2 Nd7 14. 0-0-0 Qc7 15. Nc3 a4 16. Kb1 Qa5 17. g4 Kh8 18. h4 Nc5 19. Be2 Bd7 20. Nf1 cxd5 21. Nxd5 Nc6 22. Be1 Qd8 23. Bc3 Be6 24. Ng3 Nd4 25. Bxd4 exd4 26. Nf4 Be5 27. Qd2 Nb3 28. Nxg6+ Kh7 29. Qe1 fxg6 30. h5 g5 31. Nf5 Bxf5 32. exf5 Nc5 33. Bd3 Bf6 34. Qb4 Re3 35. Be4 Qa5 36. Qxa5 Rxa5 37. Rhe1 Nxe4 38. fxe4 Re5 39. Rxe3 dxe3 40. Kc2 Rxe4 0-1

[Event "Novosibirsk Elo"]
[Site "Novosibirsk"]
[Date "2008.02.19"]
[Round "9"]
[White "Akishev, Alexander"]
[Black "Egitov, Alexey"]
[Result "1/2-1/2"]
[WhiteElo "2142"]
[BlackElo "2014"]
[PlyCount "43"]
[EventDate "2008.02.09"]
[EventType "tourn"]
[EventRounds "11"]
[EventCountry "RUS"]
[SourceTitle "EXT 2009"]
[Source "ChessBase"]
[SourceDate "2008.11.26"]
[SourceVersion "1"]
[SourceVersionDate "2008.11.26"]
[SourceQuality "1"]

1. e4 c5 2. Nf3 d6 3. d3 Nc6 4. c3 d5 5. Qe2 d4 6. h3 e5 7. g3 f6 8. Bg2 Be6 9. 0-0 Qd7 10. Kh2 g5 11. Na3 Nge7 12. c4 Ng6 13. Bd2 h5 14. Ng1 h4 15. g4 Bd6 16. Nc2 Nf4 17. Qf3 Ke7 18. Rfb1 a5 19. a3 Rhb8 20. Bf1 b5 21. b3 b4 22. a4 1/2-1/2

[Event "Novosibirsk"]
[Site "Novosibirsk"]
[Date "2007.02.17"]
[Round "10"]
[White "Akishev, Alexander"]
[Black "Egitov, Alexey"]
[Result "0-1"]
[WhiteElo "2127"]
[BlackElo "2002"]
[PlyCount "128"]
[EventDate "2007.02.04"]
[EventType "tourn"]
[EventRounds "11"]
[EventCountry "RUS"]
[SourceTitle "EXT 2010"]
[Source "ChessBase"]
[SourceDate "2010.11.25"]
[SourceVersion "1"]
[SourceVersionDate "2010.11.25"]
[SourceQuality "1"]

1. e4 c5 2. Nf3 d6 3. d4 cxd4 4. Nxd4 Nf6 5. Nc3 a6 6. f3 e5 7. Nb3 Be6 8. Be3 Nbd7 9. Qd2 b5 10. a4 b4 11. Na2 Nc5 12. Nxc5 dxc5 13. Qxd8+ Kxd8 14. Nc1 c4 15. Be2 Bd6 16. Kf2 Ke7 17. Rd1 Rhc8 18. g4 Nd7 19. Na2 a5 20. Rdb1 Nc5 21. Nc1 f6 22. b3 cxb3 23. cxb3 Rc7 24. Ra2 Rac8 25. Rab2 g5 26. Bb5 h5 27. h3 h4 28. Ne2 Nd7 29. Ba6 Ra8 30. Bb5 Bc5 31. Bxd7 Bxe3+ 32. Kxe3 Kxd7 33. Rd1+ Ke7 34. Rd3 Rac8 35. Rbd2 Rc2 36. Rd6 Rxd2 37. Rxe6+ Kxe6 38. Kxd2 Kd6 39. Kd3 Kc5 40. Ke3 Rd8 41. Nc1 Rd1 42. Nd3+ Kc6 43. Nb2 Rc1 44. Kd2 Rc3 45. Nc4 Rxc4 46. bxc4 Kc5 47. Kd3 b3 48. Kc3 b2 49. Kxb2 Kxc4 50. Kc2 Kb4 51. Kd3 Kxa4 52. Kc4 Ka3 53. Kd5 Kb4 54. Ke6 a4 55. Kxf6 a3 56. Kxe5 a2 57. Kf5 a1Q 58. Kxg5 Qe5+ 59. Kxh4 Kc5 60. f4 Qxf4 61. Kh5 Kd6 62. h4 Ke5 63. g5 Qxe4 64. g6 Kf6 0-1

[Event "Novosibirsk"]
[Site "Novosibirsk"]
[Date "2007.02.14"]
[Round "7"]
[White "Lifshits, Dan"]
[Black "Akishev, Alexander"]
[Result "1/2-1/2"]
[WhiteElo "2067"]
[BlackElo "2127"]
[PlyCount "76"]
[EventDate "2007.02.04"]
[EventType "tourn"]
[EventRounds "11"]
[EventCountry "RUS"]
[SourceTitle "EXT 2010"]
[Source "ChessBase"]
[SourceDate "2010.11.25"]
[SourceVersion "1"]
[SourceVersionDate "2010.11.25"]
[SourceQuality "1"]

1. e4 d6 2. d4 g6 3. Nc3 Bg7 4. Be3 c6 5. Qd2 b5 6. f3 Nd7 7. d5 b4 8. dxc6 bxc3 9. cxd7+ Bxd7 10. bxc3 Qc7 11. Bd4 Nf6 12. Bd3 0-0 13. Ne2 Rfc8 14. 0-0 Qa5 15. Kh1 e5 16. Be3 Rab8 17. Bg5 Ne8 18. Bh6 Rb2 19. Bxg7 Kxg7 20. a3 Be6 21. f4 Bg4 22. f5 Bxe2 23. Qxe2 Rxc3 24. f6+ Nxf6 25. Qf2 Qd8 26. Qxa7 Rc7 27. Qf2 Nh5 28. g3 d5 29. Qe2 Nf6 30. Rf2 dxe4 31. Bxe4 Qd4 32. Rxf6 Kxf6 33. Re1 Kg7 34. Bd3 Rc5 35. Rd1 Qc3 36. Qf2 Qxa3 37. Rf1 f5 38. g4 f4 1/2-1/2